[Event "Tatry Open 2014"]
[Site "Tatranske Zruby SVK"]
[Date "2014.10.03"]
[Round "7.34"]
[White "Mikulasek, Viktor"]
[Black "Sikora, J."]
[Result "0-1"]
[WhiteElo "1889"]
[BlackElo "2211"]
[PlyCount "188"]
[EventDate "2014.09.28"]

1. e4 c5 2. Nf3 d6 3. d4 cxd4 4. Nxd4 Nf6 5. Nc3 a6 6. a3 b5 7. Bd3 Bb7 8. Nde2
Nbd7 9. Ng3 e6 10. Be3 Rc8 11. O-O Be7 12. Qe2 h5 13. Rfd1 h4 14. Nh1 h3 15. g3
Ne5 16. f3 Nc4 17. Bxc4 Rxc4 18. Nf2 Qc7 19. Rd4 Rxd4 20. Bxd4 e5 21. Be3 d5
22. Nxd5 Nxd5 23. exd5 Bxd5 24. Nd3 O-O 25. Ne1 Bc4 26. Qf2 Qd6 27. b3 Be6 28.
Nd3 Rc8 29. b4 Qd5 30. Bc5 Bf6 31. Re1 Bf5 32. Qe2 Re8 33. Nf2 Qa2 34. g4 Bxc2
35. Rc1 Bb3 36. Qxa2 Bxa2 37. Nxh3 Rc8 38. Re1 Bd5 39. g5 Bd8 40. Rxe5 Bxf3 41.
Re8+ Kh7 42. Nf4 Bb7 43. h4 Bc7 44. Re7 Bxf4 45. Rxb7 Bc1 46. Rxf7 Bxa3 47. Bd4
Rg8 48. Ra7 Bxb4 49. Rxa6 Rd8 50. Be3 Bc3 51. Rb6 b4 52. Kf2 g6 53. Rb7+ Kg8
54. Rb6 Kf7 55. Ke2 Rd7 56. Kf3 Be1 57. Bc5 Bxh4 58. Rxb4 Bxg5 59. Bf2 Rd5 60.
Bg3 Bf6 61. Re4 Rc5 62. Re2 Bg5 63. Bf2 Rf5+ 64. Kg2 Bf4 65. Ra2 g5 66. Ra7+
Kg6 67. Ra6+ Kh5 68. Ra1 Be5 69. Rh1+ Kg4 70. Bb6 Rf6 71. Bd8 Rd6 72. Bxg5 Kxg5
73. Kf3 Rd4 74. Rg1+ Kf5 75. Rf1 Bf4 76. Ke2 Ke4 77. Rd1 Rc4 78. Ra1 Rc2+ 79.
Kf1 Kf3 80. Ke1 Be3 81. Kd1 Rd2+ 82. Kc1 Ke2 83. Kb1 Rd1+ 84. Ka2 Rd7 85. Rh1
Kd3 86. Rh3 Rb7 87. Ka3 Kd4 88. Ka2 Bc1 89. Ka1 Bd2 90. Ka2 Kc4 91. Rh4+ Kc3
92. Ra4 Kc2 93. Ra8 Bc3 94. Rc8 Ra7# 0-1

[Event "Tatry Open 2014"]
[Site "Tatranske Zruby SVK"]
[Date "2014.10.03"]
[Round "7.35"]
[White "Dobrotka, M."]
[Black "Szaraz, V."]
[Result "1/2-1/2"]
[WhiteElo "2189"]
[BlackElo "1939"]
[PlyCount "67"]
[EventDate "2014.09.28"]

1. d4 Nf6 2. Nf3 d5 3. c4 c6 4. e3 g6 5. Nc3 Bg7 6. Be2 O-O 7. O-O Nbd7 8. Qb3
dxc4 9. Bxc4 Nb6 10. Be2 Bg4 11. Rd1 Bxf3 12. Bxf3 e6 13. a4 Qd7 14. a5 Nc8 15.
Na4 Rb8 16. Bd2 b6 17. Rac1 Ne7 18. axb6 axb6 19. e4 Ne8 20. Be3 Nd6 21. Bf4
Rfd8 22. Be5 Qb7 23. Bxg7 Kxg7 24. Qe3 Qa7 25. Nc3 Nc4 26. Qe2 b5 27. d5 cxd5
28. exd5 Nxd5 29. Bxd5 exd5 30. b3 d4 31. bxc4 dxc3 32. Rxd8 Rxd8 33. Qe5+ Kg8
34. Qxc3 1/2-1/2

[Event "Tatry Open 2014"]
[Site "Tatranske Zruby SVK"]
[Date "2014.10.03"]
[Round "7.36"]
[White "Janousek, P."]
[Black "Brunel, J."]
[Result "1-0"]
[WhiteElo "2174"]
[BlackElo "1909"]
[PlyCount "57"]
[EventDate "2014.09.28"]

1. e4 e6 2. d4 d5 3. Nd2 c6 4. Ngf3 Bd6 5. g3 Ne7 6. Bg2 O-O 7. O-O Nd7 8. Re1
b6 9. h4 Rb8 10. h5 Bb7 11. h6 g6 12. e5 Bc7 13. Nf1 c5 14. N1h2 Nc6 15. Ng4
Qe8 16. Bg5 Bd8 17. Qd2 Be7 18. Qf4 Qd8 19. c3 a6 20. Rad1 Bxg5 21. Nxg5 Qe7
22. c4 dxc4 23. dxc5 Nd4 24. Bxb7 Rxb7 25. Nf3 Nf5 26. Rxd7 Rxd7 27. Nf6+ Kh8
28. Nxd7 Qxd7 29. g4 1-0

[Event "Tatry Open 2014"]
[Site "Tatranske Zruby SVK"]
[Date "2014.10.03"]
[Round "7.37"]
[White "Holicky, M."]
[Black "Polacik, I."]
[Result "0-1"]
[WhiteElo "1807"]
[BlackElo "2173"]
[PlyCount "62"]
[EventDate "2014.09.28"]

1. d4 Nf6 2. c4 g6 3. g3 Bg7 4. Bg2 d5 5. Nf3 O-O 6. O-O c6 7. Nc3 Ne4 8. cxd5
Nxc3 9. bxc3 cxd5 10. Qb3 Nc6 11. e4 dxe4 12. Ng5 Na5 13. Qb4 f5 14. Be3 h6 15.
Nh3 g5 16. Rad1 Qc7 17. Bxg5 hxg5 18. Nxg5 Bf6 19. h4 Nc4 20. g4 a5 21. Qb1
Bxg5 22. hxg5 Nd6 23. Rfe1 Ra6 24. Bf1 Rb6 25. Qc1 Rc6 26. Re3 f4 27. Rh3 Bxg4
28. Rh4 Rxc3 29. Qb1 Bxd1 30. Qxd1 f3 31. Bh3 Rc1 0-1

[Event "Tatry Open 2014"]
[Site "Tatranske Zruby SVK"]
[Date "2014.10.03"]
[Round "7.38"]
[White "Klemanic, E."]
[Black "Danko, D."]
[Result "1-0"]
[WhiteElo "2160"]
[BlackElo "1877"]
[PlyCount "63"]
[EventDate "2014.09.28"]

1. e4 c5 2. Nc3 Nc6 3. g3 g6 4. Bg2 Bg7 5. d3 d6 6. f4 e5 7. Nf3 Bg4 8. O-O
Nge7 9. h3 Bxf3 10. Qxf3 Nd4 11. Qf2 O-O 12. Nd1 exf4 13. gxf4 d5 14. c3 dxe4
15. dxe4 Ndc6 16. Qxc5 Rc8 17. Qg5 f5 18. e5 Qd3 19. Ne3 Qb5 20. Rd1 Qc5 21.
Qg3 Nxe5 22. fxe5 Bxe5 23. Bd5+ Nxd5 24. Qxe5 Nxe3 25. Qxc5 Rxc5 26. Bxe3 Rb5
27. b4 f4 28. Bc5 Rc8 29. a4 Rbxc5 30. bxc5 Rxc5 31. Rd7 Rg5+ 32. Kf2 1-0

[Event "Tatry Open 2014"]
[Site "Tatranske Zruby SVK"]
[Date "2014.10.03"]
[Round "7.39"]
[White "Sosovicka, Jakub"]
[Black "Barrish, Daniel"]
[Result "0-1"]
[WhiteElo "1723"]
[BlackElo "2144"]
[PlyCount "68"]
[EventDate "2014.09.28"]

1. e4 c5 2. Nf3 e6 3. d4 cxd4 4. Nxd4 a6 5. Nc3 Qc7 6. Bd3 Nf6 7. O-O d6 8. f4
Nbd7 9. Be3 b5 10. a3 Bb7 11. Qf3 Be7 12. Qg3 O-O 13. Rae1 Rfe8 14. f5 e5 15.
Nf3 Bf8 16. Ng5 Rac8 17. Qh4 h6 18. Nf3 Qd8 19. Qg3 Kh8 20. Rd1 d5 21. exd5 e4
22. Bxe4 Nxe4 23. Nxe4 Rxe4 24. Qf2 Nf6 25. h3 Nxd5 26. Rfe1 Rxe3 27. Rxe3 Bc5
28. Nd4 Nxe3 29. Qxe3 Qd5 30. Qf2 Bxd4 31. Rxd4 Qc6 32. c3 Re8 33. Qd2 Qb6 34.
Kh1 Kg8 0-1

[Event "Tatry Open 2014"]
[Site "Tatranske Zruby SVK"]
[Date "2014.10.03"]
[Round "7.40"]
[White "Dudasko, Stefan"]
[Black "Vanka, M."]
[Result "0-1"]
[WhiteElo "1659"]
[BlackElo "2135"]
[PlyCount "62"]
[EventDate "2014.09.28"]

1. e4 c5 2. Nf3 Nc6 3. d4 cxd4 4. Nxd4 Nf6 5. Nc3 e6 6. Be3 Bb4 7. f3 Qa5 8.
Qd2 O-O 9. Nb3 Qc7 10. O-O-O d5 11. Qd3 Ne5 12. Qd4 Bxc3 13. bxc3 Nc6 14. Qd3
dxe4 15. fxe4 Rd8 16. Qc4 Rxd1+ 17. Kxd1 e5 18. Bd3 Be6 19. Qb5 Ng4 20. Bc5 b6
21. Bg1 Rd8 22. h3 Nf6 23. Kc1 Ne7 24. Bh2 Ng6 25. Rf1 Qxc3 26. g4 Nxe4 27.
Bxe4 Qe3+ 28. Kb1 Qxe4 29. Rg1 Bc4 30. Qb4 Qe2 31. Bg3 Qe3 0-1

[Event "Tatry Open 2014"]
[Site "Tatranske Zruby SVK"]
[Date "2014.10.04"]
[Round "8.1"]
[White "Pagerka, M."]
[Black "Zambo, Z."]
[Result "1-0"]
[WhiteElo "2297"]
[BlackElo "2382"]
[PlyCount "105"]
[EventDate "2014.09.28"]

1. d4 Nf6 2. c4 d6 3. Nc3 e5 4. Nf3 Nbd7 5. e4 c6 6. Be2 Be7 7. O-O Qc7 8. Re1
O-O 9. d5 a6 10. h3 Re8 11. Be3 Nf8 12. Bf1 Bd7 13. a4 cxd5 14. exd5 b6 15. Nd2
Bf5 16. Nb3 Reb8 17. g4 Bd7 18. f4 exf4 19. Bxf4 Ng6 20. Bg3 Ne8 21. Nd4 Bh4
22. Bxh4 Nxh4 23. Ne4 b5 24. axb5 axb5 25. Rxa8 Rxa8 26. cxb5 Qb6 27. Kh1 Nc7
28. Nc6 Bxc6 29. dxc6 Nxb5 30. Qb3 Qa5 31. Rd1 Nc7 32. Nxd6 Ne6 33. Bc4 Qe5 34.
Bxe6 fxe6 35. c7 Rf8 36. Qb8 Ng6 37. c8=Q Qe3 38. Qxf8+ Nxf8 39. Qb7 Qxh3+ 40.
Kg1 Qe3+ 41. Kf1 Qf4+ 42. Ke2 Qe5+ 43. Kf3 Qf6+ 44. Kg2 Qg6 45. Qe4 Qg5 46. Qf3
h6 47. Ne4 Qe7 48. Qd3 Qh4 49. Qg3 Qe7 50. g5 Qb7 51. Qf3 Qxb2+ 52. Rd2 Qb6 53.
Rf2 1-0

[Event "Tatry Open 2014"]
[Site "Tatranske Zruby SVK"]
[Date "2014.10.04"]
[Round "8.3"]
[White "Jasny, S."]
[Black "Vojta, T."]
[Result "1-0"]
[WhiteElo "2409"]
[BlackElo "2373"]
[PlyCount "133"]
[EventDate "2014.09.28"]

1. d4 d5 2. Nf3 Nc6 3. e3 Bg4 4. Bb5 e6 5. Nbd2 Nge7 6. O-O a6 7. Be2 Nf5 8. h3
Bxf3 9. Nxf3 Be7 10. c4 O-O 11. Bd2 Bf6 12. Qb3 Qd7 13. Rfd1 g5 14. Rac1 Nfe7
15. cxd5 exd5 16. Ne5 Nxe5 17. dxe5 Bxe5 18. e4 d4 19. Bxg5 Ng6 20. Rc5 Rfe8
21. Rd5 Qc6 22. Rc1 Qb6 23. Qf3 Bg7 24. Rf5 Rf8 25. Bc4 Ne5 26. Qg3 Kh8 27. Bb3
Rae8 28. Bf4 Qd6 29. Bxf7 Re7 30. Bb3 Rfe8 31. Rh5 c6 32. Rd1 Qf6 33. Rxd4 Nf7
34. e5 Nxe5 35. Bxe5 Rxe5 36. Rxe5 Rxe5 37. Rd7 Re8 38. Rxb7 Qxb2 39. Rb8 Qa1+
40. Kh2 Qe5 41. Rxe8+ Qxe8 42. Qd3 Be5+ 43. g3 a5 44. Kg2 c5 45. Qe4 Qb8 46.
Qd5 Bd4 47. Qf7 Bg7 48. Bd5 a4 49. Bc6 a3 50. Qe8+ Qxe8 51. Bxe8 c4 52. Bb5 c3
53. Bd3 h6 54. f4 Bf6 55. Kf3 Kg7 56. Kg4 Be7 57. Kf5 Bd8 58. Bc2 Be7 59. g4
Bd8 60. g5 hxg5 61. fxg5 Bb6 62. h4 Be3 63. h5 Kg8 64. Kg6 Bd4 65. Bb3+ Kh8 66.
h6 Bc5 67. Kh5 1-0

[Event "Tatry Open 2014"]
[Site "Tatranske Zruby SVK"]
[Date "2014.10.04"]
[Round "8.4"]
[White "Jarmula, L."]
[Black "Biolek, R2."]
[Result "1-0"]
[WhiteElo "2314"]
[BlackElo "2432"]
[PlyCount "77"]
[EventDate "2014.09.28"]

1. d4 Nf6 2. c4 c6 3. Nc3 d5 4. cxd5 cxd5 5. Bf4 Nc6 6. e3 a6 7. Bd3 e6 8. h3
b5 9. Rc1 Bb7 10. Nf3 Be7 11. O-O Rc8 12. Qe2 Qb6 13. a4 b4 14. Nb1 O-O 15.
Nbd2 Na5 16. Ne5 Bd6 17. Bg5 Rxc1 18. Rxc1 Rc8 19. Rxc8+ Bxc8 20. Bxf6 gxf6 21.
Qh5 fxe5 22. dxe5 Kf8 23. exd6 Qxd6 24. Nf3 Qc7 25. Ng5 Nc6 26. Nxh7+ Ke7 27.
Qg5+ Kd6 28. Nf6 Bd7 29. Qf4+ e5 30. Qh6 Qd8 31. Ne4+ Kc7 32. Qd6+ Kb6 33. a5+
Ka7 34. Nf6 e4 35. Be2 Qxa5 36. Nxd7 Kb7 37. Bxa6+ Kxa6 38. Qxc6+ Ka7 39. Nc5
1-0

[Event "Tatry Open 2014"]
[Site "Tatranske Zruby SVK"]
[Date "2014.10.04"]
[Round "8.5"]
[White "Veleski, R."]
[Black "Cech, P."]
[Result "0-1"]
[WhiteElo "2284"]
[BlackElo "2424"]
[PlyCount "92"]
[EventDate "2014.09.28"]

1. e4 e6 2. d4 d5 3. Nd2 Nf6 4. e5 Nfd7 5. Bd3 c5 6. c3 Nc6 7. Ngf3 g6 8. Bb5
Bg7 9. O-O O-O 10. Re1 Qb6 11. Bxc6 bxc6 12. dxc5 Qc7 13. Qe2 Nxc5 14. Qe3 Qb6
15. b4 Na4 16. Nb3 Qxe3 17. Bxe3 Nxc3 18. Bc5 Re8 19. Nfd4 Bd7 20. f3 Na4 21.
Re2 Rec8 22. Rc1 Be8 23. Bd6 a5 24. a3 Bh6 25. Rcc2 axb4 26. axb4 Ra6 27. g3
Rca8 28. f4 Bf8 29. Re1 Bxd6 30. exd6 Rb6 31. Nc5 Rxb4 32. Nf3 Nxc5 33. Rxc5
Rd8 34. Ra1 Rbb8 35. Ra7 Rxd6 36. Ne5 h5 37. Rca5 f6 38. Nd3 Rd7 39. R7a6 Re7
40. Ra7 Rbb7 41. Ra8 e5 42. fxe5 fxe5 43. Rd8 e4 44. Nc5 Rb1+ 45. Kg2 e3 46.
Raa8 Kf7 0-1

[Event "Tatry Open 2014"]
[Site "Tatranske Zruby SVK"]
[Date "2014.10.04"]
[Round "8.7"]
[White "Langner, L1."]
[Black "Certek, P."]
[Result "1-0"]
[WhiteElo "2363"]
[BlackElo "2267"]
[PlyCount "99"]
[EventDate "2014.09.28"]

1. e4 c5 2. d4 cxd4 3. c3 d5 4. exd5 Qxd5 5. cxd4 Nc6 6. Nf3 e5 7. Nc3 Bb4 8.
Bd2 Bxc3 9. Bxc3 e4 10. Ne5 Nxe5 11. dxe5 Ne7 12. Qa4+ Bd7 13. Qb4 Bc6 14. Bc4
Qd7 15. Rd1 Nd5 16. Bxd5 Bxd5 17. Qc5 Rd8 18. Qxa7 Qc6 19. Bb4 Qb5 20. Qd4 Rc8
21. a4 Qc4 22. Bc3 Be6 23. Qd6 Qa6 24. Qxa6 bxa6 25. Rd6 Ra8 26. Ke2 O-O 27.
Ke3 Bb3 28. Rd4 Rfd8 29. Rxe4 Bc2 30. Rb4 Rd3+ 31. Ke2 Rad8 32. Rc1 a5 33. Rf4
Bd1+ 34. Ke1 g5 35. Re4 Bh5 36. f3 Bg6 37. Rc4 R3d5 38. Rg4 h6 39. Rc4 Bf5 40.
Rc6 Bd7 41. Rxh6 Bxa4 42. Ra6 Rc8 43. Ra1 Bb3 44. R6xa5 Rdd8 45. e6 Bxe6 46.
Rxg5+ Kh7 47. Raa5 f5 48. Rg7+ Kh6 49. Raa7 Bg8 50. Ra6+ 1-0

[Event "Tatry Open 2014"]
[Site "Tatranske Zruby SVK"]
[Date "2014.10.04"]
[Round "8.8"]
[White "Stonawski, I."]
[Black "Petran, Pe"]
[Result "0-1"]
[WhiteElo "1995"]
[BlackElo "2327"]
[PlyCount "56"]
[EventDate "2014.09.28"]

1. g3 d5 2. Bg2 e5 3. d3 Nc6 4. Nf3 h6 5. O-O Be6 6. h3 Qd7 7. Kh2 Bd6 8. Nbd2
f5 9. e4 dxe4 10. dxe4 f4 11. Qe2 g5 12. a3 Qf7 13. Rh1 g4 14. hxg4 fxg3+ 15.
fxg3 Nf6 16. b4 Nxg4+ 17. Kg1 a5 18. Bb2 axb4 19. Qb5 bxa3 20. Bc3 Ra7 21. Rh4
Rg8 22. Rf1 Qg7 23. Nc4 Bd7 24. Qd5 Ke7 25. Rxg4 Bxg4 26. Bxe5 Nxe5 27. Nfxe5
Be6 28. Qd4 Ra4 0-1

[Event "Tatry Open 2014"]
[Site "Tatranske Zruby SVK"]
[Date "2014.10.04"]
[Round "8.9"]
[White "Lanc, A."]
[Black "Sikora, J."]
[Result "1-0"]
[WhiteElo "2363"]
[BlackElo "2211"]
[PlyCount "127"]
[EventDate "2014.09.28"]

1. e4 c5 2. Nf3 d6 3. d4 cxd4 4. Nxd4 Nf6 5. Nc3 a6 6. Be2 e6 7. a4 b6 8. f4
Qc7 9. Bf3 Bb7 10. O-O Nbd7 11. Kh1 Rc8 12. Qe2 Qc4 13. Qf2 Nc5 14. e5 Bxf3 15.
exf6 Bb7 16. Bd2 Ne4 17. Nxe4 Bxe4 18. b3 Qc7 19. Rae1 d5 20. f5 Rg8 21. fxe6
Bc5 22. Rxe4 dxe4 23. Qf5 Bxd4 24. Qxh7 Rf8 25. e7 gxf6 26. exf8=Q+ Kxf8 27.
Bb4+ Bc5 28. Qh8+ Ke7 29. Qxf6+ Kf8 30. Qh8+ Ke7 31. Qh4+ Kf8 32. Qxe4 Bxb4 33.
Qxb4+ Qc5 34. Qxc5+ Rxc5 35. Rf2 b5 36. axb5 axb5 37. Re2 Kg7 38. Kg1 Kg6 39.
Kf2 f5 40. Ke1 Kg5 41. Kd2 b4 42. Re3 Kg4 43. Rg3+ Kf4 44. c3 Rd5+ 45. Kc2 bxc3
46. Kxc3 Rc5+ 47. Kb4 Rc8 48. Ka3 Ra8+ 49. Kb2 Rh8 50. Rf3+ Ke4 51. h3 Rb8 52.
Rg3 f4 53. Rg5 Kd4 54. h4 Rh8 55. h5 Rh7 56. b4 Kc4 57. b5 Rh8 58. Kc2 Rh6 59.
Rf5 Rd6 60. Rxf4+ Kxb5 61. g4 Kc5 62. g5 Kd5 63. g6 Ke5 64. Rf8 1-0

[Event "Tatry Open 2014"]
[Site "Tatranske Zruby SVK"]
[Date "2014.10.04"]
[Round "8.10"]
[White "Vojtek, V."]
[Black "Janousek, P."]
[Result "1/2-1/2"]
[WhiteElo "2336"]
[BlackElo "2174"]
[PlyCount "117"]
[EventDate "2014.09.28"]

1. e4 e5 2. Nf3 Nc6 3. Bb5 Bc5 4. O-O Nge7 5. c3 Bb6 6. d4 exd4 7. cxd4 d5 8.
exd5 Nxd5 9. Re1+ Be6 10. Bxc6+ bxc6 11. Bg5 Qd6 12. Nbd2 O-O 13. Nc4 Qb4 14.
Qc2 Rfc8 15. Bd2 Qe7 16. Nce5 h6 17. Qxc6 Qe8 18. a4 a5 19. Rac1 Qxc6 20. Rxc6
Ne7 21. Rcc1 Rd8 22. Be3 Bd5 23. Nc4 Bxf3 24. Nxb6 cxb6 25. gxf3 Nd5 26. Kf1
Rd7 27. Rc6 Rb8 28. Rec1 Rbb7 29. Rc8+ Kh7 30. b3 f6 31. f4 Re7 32. Re1 Rbc7
33. Rxc7 Rxc7 34. Rb1 Kg6 35. Kg2 Kf5 36. Rb2 Ke4 37. Bd2 Kxd4 38. Kf3 Nb4 39.
Rb1 Kd3 40. Be3 Rc6 41. Kg4 Kc2 42. Rc1+ Kxb3 43. Rxc6 Nxc6 44. Bxb6 Kxa4 45.
Kf5 Kb5 46. Bxa5 Kxa5 47. Kg6 Nd4 48. Kxg7 Ne6+ 49. Kxh6 Nxf4 50. h4 Nd3 51. f3
Ne1 52. Kg6 Nxf3 53. h5 Ne5+ 54. Kxf6 Ng4+ 55. Kf5 Nh6+ 56. Kg6 Ng4 57. Kg5 Ne5
58. Kf4 Nf7 59. Ke4 1/2-1/2

[Event "Tatry Open 2014"]
[Site "Tatranske Zruby SVK"]
[Date "2014.10.04"]
[Round "8.11"]
[White "Marek, Mat"]
[Black "Michenka, J."]
[Result "1-0"]
[WhiteElo "2200"]
[BlackElo "2326"]
[PlyCount "89"]
[EventDate "2014.09.28"]

1. e4 c5 2. Nf3 d6 3. d4 cxd4 4. Nxd4 Nf6 5. Nc3 a6 6. Be3 e5 7. Nb3 Be7 8. h3
Be6 9. f4 exf4 10. Bxf4 Nc6 11. Qe2 O-O 12. O-O-O Qc7 13. Kb1 Rfe8 14. g4 b5
15. g5 Nd7 16. Qg2 Nce5 17. Qg3 Rec8 18. Rh2 Nb6 19. Nd5 Nxd5 20. exd5 Bf5 21.
Rc1 Nc4 22. h4 a5 23. Bd3 Qd7 24. Nd4 Bxd3 25. Qxd3 Qg4 26. Rf1 g6 27. Bc1 Bf8
28. Nc6 Ne5 29. Qxb5 Nxc6 30. dxc6 Rab8 31. Qd5 Qe6 32. c4 Rb6 33. Rf6 Qe8 34.
h5 Bg7 35. hxg6 Bxf6 36. gxh7+ Kh8 37. gxf6 Qe5 38. Qxf7 Qf5+ 39. Ka1 Qg4 40.
Qg7+ Qxg7 41. fxg7+ Kxg7 42. Bh6+ Kg6 43. Be3 Rf8 44. Rh6+ Kg7 45. h8=Q+ 1-0

[Event "Tatry Open 2014"]
[Site "Tatranske Zruby SVK"]
[Date "2014.10.04"]
[Round "8.12"]
[White "Polacik, I."]
[Black "Jossien, A."]
[Result "1/2-1/2"]
[WhiteElo "2173"]
[BlackElo "2326"]
[PlyCount "27"]
[EventDate "2014.09.28"]

1. d4 g6 2. g3 Bg7 3. Bg2 d6 4. Nf3 f5 5. c4 Nf6 6. Nc3 O-O 7. O-O c6 8. Rb1
Qe8 9. d5 h6 10. Nd4 g5 11. e3 Kh8 12. f4 g4 13. Qd3 Ng8 14. b4 1/2-1/2

[Event "Tatry Open 2014"]
[Site "Tatranske Zruby SVK"]
[Date "2014.10.04"]
[Round "8.13"]
[White "Vanka, M."]
[Black "Constantinou, Pe"]
[Result "0-1"]
[WhiteElo "2135"]
[BlackElo "2311"]
[PlyCount "40"]
[EventDate "2014.09.28"]

1. e4 g6 2. d4 Bg7 3. Nc3 d6 4. Be3 a6 5. a4 Nf6 6. h3 O-O 7. Nf3 b6 8. e5 Nfd7
9. e6 fxe6 10. Ng5 Nf6 11. Bc4 d5 12. Be2 Nc6 13. f4 h6 14. Bd3 hxg5 15. fxg5
Ne4 16. Nxe4 dxe4 17. Bxe4 Qd6 18. c3 Qg3+ 19. Ke2 Bb7 20. Kd3 Ne5+ 0-1

[Event "Tatry Open 2014"]
[Site "Tatranske Zruby SVK"]
[Date "2014.10.04"]
[Round "8.14"]
[White "Nayhebaver, Martin"]
[Black "Klemanic, E."]
[Result "1-0"]
[WhiteElo "2301"]
[BlackElo "2160"]
[PlyCount "95"]
[EventDate "2014.09.28"]

1. e4 d6 2. d4 Nf6 3. Nc3 e5 4. Nf3 Nbd7 5. Bc4 Be7 6. O-O c6 7. a4 O-O 8. Bg5
Nxe4 9. Nxe4 d5 10. Bxe7 Qxe7 11. Re1 dxc4 12. Ned2 f6 13. dxe5 Nxe5 14. Nxe5
fxe5 15. Nxc4 e4 16. Qe2 Bf5 17. Rad1 Rf6 18. Ne3 Raf8 19. Rd4 Bc8 20. Rf1 Qe5
21. c3 Be6 22. Nc4 Qg5 23. Rxe4 Bd5 24. Rg4 Qf5 25. Ne3 Qe5 26. Qd3 Rh6 27. h3
Be6 28. Qd4 Qc7 29. Rg5 b6 30. Rd1 Rhf6 31. Rd2 h6 32. Re5 c5 33. Nd5 Qf7 34.
Qe3 Bxd5 35. Rexd5 Qg6 36. Qd3 Qe8 37. Re2 Qxa4 38. Rd7 Qf4 39. Qd5+ Kh8 40. g3
Rg6 41. Qd3 Qg5 42. Rxa7 h5 43. h4 Qf6 44. Rae7 Rg4 45. Re8 c4 46. Rxf8+ Qxf8
47. Qd5 g6 48. Qd7 1-0

[Event "Tatry Open 2014"]
[Site "Tatranske Zruby SVK"]
[Date "2014.10.04"]
[Round "8.15"]
[White "Barrish, Daniel"]
[Black "Kernazhitsky, L."]
[Result "0-1"]
[WhiteElo "2144"]
[BlackElo "2298"]
[PlyCount "108"]
[EventDate "2014.09.28"]

1. d4 d5 2. c4 dxc4 3. Nf3 a6 4. a4 Nf6 5. e3 Bg4 6. Bxc4 e6 7. O-O Nc6 8. h3
Bh5 9. Nc3 Bd6 10. Be2 O-O 11. Qb3 Na5 12. Qa2 c5 13. dxc5 Bxc5 14. e4 Qb6 15.
Bg5 Rac8 16. Rad1 Bxf3 17. Bxf3 Bd4 18. Rb1 h6 19. Bxf6 Bxf6 20. b4 Nc4 21. a5
Qd4 22. Na4 Qd2 23. Qb3 Qg5 24. e5 Nd2 25. Qa3 Nxb1 26. Rxb1 Bxe5 27. Bxb7 Qf4
28. g3 Qf5 29. Re1 Bd4 30. Qf3 Qxf3 31. Bxf3 Rc2 32. Re2 Rxe2 33. Bxe2 Rb8 34.
Nc5 Rxb4 35. Nxa6 Ra4 36. Nb8 Rxa5 37. Nc6 Ra1+ 38. Kg2 Bc5 39. Ne5 Ba7 40. Nd3
f6 41. Bg4 Kf7 42. Nf4 f5 43. Be2 g5 44. Nd3 Ra2 45. Kf1 Kf6 46. g4 f4 47. Bf3
Bd4 48. Be4 Ke7 49. Kg2 Kd6 50. Kf3 Kc7 51. Bg6 Rd2 52. h4 gxh4 53. Nxf4 Rxf2+
54. Ke4 e5 0-1

[Event "Tatry Open 2014"]
[Site "Tatranske Zruby SVK"]
[Date "2014.10.04"]
[Round "8.16"]
[White "Prandstetter, E."]
[Black "Jablonicky, F."]
[Result "1/2-1/2"]
[WhiteElo "2273"]
[BlackElo "2126"]
[PlyCount "131"]
[EventDate "2014.09.28"]

1. e4 c6 2. d4 d5 3. Nd2 dxe4 4. Nxe4 Nf6 5. Nxf6+ gxf6 6. Nf3 Bg4 7. Be2 e6 8.
Be3 Bd6 9. Qd2 Qc7 10. O-O-O Nd7 11. Nh4 Bxe2 12. Qxe2 O-O-O 13. g3 Qa5 14. Kb1
h5 15. c4 Qa6 16. Qc2 c5 17. dxc5 Bxc5 18. Bxc5 Nxc5 19. Rhe1 Qa4 20. Qxa4 Nxa4
21. Kc2 Nc5 22. f3 Nd7 23. b3 Ne5 24. Rxd8+ Rxd8 25. Rd1 Re8 26. Kc3 Kc7 27.
Rd4 Ng6 28. Re4 Kd7 29. Ng2 e5 30. Ne3 Ke6 31. Nd5 Rc8 32. Re2 f5 33. Nf4+ Nxf4
34. gxf4 f6 35. Rg2 Rc7 36. fxe5 Kxe5 37. Rd2 Kf4 38. Rd5 Re7 39. Kd2 Rg7 40.
a4 Rg2+ 41. Kc3 Rxh2 42. Rd7 Kxf3 43. Rxb7 f4 44. Rxa7 Rh3 45. a5 Kg2+ 46. Kb4
Rg3 47. a6 f3 48. Rd7 f2 49. a7 Rg8 50. Rg7+ Rxg7 51. a8=Q+ Kh2 52. Qf3 Kg1 53.
Qxf6 Rg2 54. Qd4 Rg4 55. Qc5 h4 56. Qh5 Rg2 57. Qxh4 f1=Q 58. Qd4+ Rf2 59. Qg4+
Qg2 60. Qxg2+ Kxg2 61. Kc5 Kf3 62. b4 Ke4 63. b5 Rc2 64. b6 Kd3 65. b7 Rxc4+
66. Kb6 1/2-1/2

[Event "Tatry Open 2014"]
[Site "Tatranske Zruby SVK"]
[Date "2014.10.04"]
[Round "8.17"]
[White "Haring, Filip"]
[Black "Jossien, R."]
[Result "1/2-1/2"]
[WhiteElo "2078"]
[BlackElo "2262"]
[PlyCount "41"]
[EventDate "2014.09.28"]

1. e4 d6 2. d4 g6 3. Nc3 Bg7 4. h3 Nd7 5. f4 a6 6. Nf3 b5 7. Be3 Bb7 8. a3 Ngf6
9. e5 Nd5 10. Nxd5 Bxd5 11. Be2 e6 12. O-O O-O 13. b3 dxe5 14. dxe5 Nb6 15. Bd3
Qe7 16. Qe2 Rfd8 17. Bxb6 cxb6 18. a4 bxa4 19. Rxa4 a5 20. Nd2 Qd7 21. Rfa1
1/2-1/2

[Event "Tatry Open 2014"]
[Site "Tatranske Zruby SVK"]
[Date "2014.10.04"]
[Round "8.18"]
[White "Szotkowski, J."]
[Black "Marczuk, D."]
[Result "0-1"]
[WhiteElo "2262"]
[BlackElo "2110"]
[PlyCount "64"]
[EventDate "2014.09.28"]

1. d4 f5 2. Nf3 Nf6 3. g3 g6 4. Bg2 Bg7 5. c4 O-O 6. O-O d6 7. d5 a5 8. Nc3 Na6
9. Nd4 Bd7 10. e3 Rc8 11. b3 c6 12. Bb2 Nc5 13. Rc1 Qb6 14. Qe2 Nfe4 15. Rfd1
a4 16. bxa4 Nxc3 17. Bxc3 Nxa4 18. Ba1 c5 19. Ne6 Bxa1 20. Nxf8 Rxf8 21. Rxa1
Nc3 22. Qc2 Nxd1 23. Rxd1 Qa6 24. Rb1 b5 25. Bf1 b4 26. f4 Ra8 27. Rb2 Qa3 28.
Qe2 Qc3 29. Kf2 Ra3 30. h3 Ba4 31. Rd2 b3 32. Rb2 Qxb2 0-1

[Event "Tatry Open 2014"]
[Site "Tatranske Zruby SVK"]
[Date "2014.10.04"]
[Round "8.19"]
[White "Pribyl, Jo"]
[Black "Krca, M."]
[Result "1/2-1/2"]
[WhiteElo "2244"]
[BlackElo "2047"]
[PlyCount "80"]
[EventDate "2014.09.28"]

1. Nf3 Nf6 2. g3 c5 3. c4 Nc6 4. Bg2 e5 5. Nc3 d6 6. O-O Be7 7. d3 O-O 8. Ne1
a6 9. Nc2 Qc7 10. Ne3 Be6 11. f4 exf4 12. gxf4 Rae8 13. f5 Bd7 14. Ned5 Qc8 15.
Nxe7+ Nxe7 16. e4 h6 17. Bf4 Qc7 18. Kh1 Bc6 19. Rg1 Kh7 20. d4 cxd4 21. Qxd4
Nc8 22. Bf3 Rg8 23. Nd5 Bxd5 24. cxd5 Qb6 25. Qd3 Nd7 26. Rg2 Ne5 27. Bxe5 Rxe5
28. Rag1 Ne7 29. Bh5 g6 30. Qf3 Qc7 31. fxg6+ fxg6 32. Qf7+ Rg7 33. Bxg6+ Nxg6
34. Qxc7 Rxc7 35. Rxg6 Rxe4 36. Rxd6 Re2 37. Rb6 Rcc2 38. Rxb7+ Kh8 39. Rb8+
Kh7 40. Rb7+ Kh8 1/2-1/2

[Event "Tatry Open 2014"]
[Site "Tatranske Zruby SVK"]
[Date "2014.10.04"]
[Round "8.20"]
[White "Gumularz, Szymon"]
[Black "Skreno, V."]
[Result "1-0"]
[WhiteElo "2132"]
[BlackElo "2244"]
[PlyCount "105"]
[EventDate "2014.09.28"]

1. Nf3 Nf6 2. g3 g6 3. Bg2 Bg7 4. O-O O-O 5. d4 d6 6. c4 c6 7. Nc3 Nbd7 8. e4
e5 9. h3 Re8 10. Re1 Qc7 11. b3 h6 12. Be3 Kh7 13. Qc2 Nf8 14. Rad1 Bd7 15. c5
exd4 16. cxd6 Qc8 17. Bxd4 Bxh3 18. e5 Bf5 19. Qb2 Ng4 20. Ne4 Nd7 21. Nc5 Nxc5
22. Bxc5 f6 23. exf6 Bxf6 24. Bd4 Bxd4 25. Qxd4 Qd7 26. Nh4 h5 27. Nxf5 Qxf5
28. d7 Rxe1+ 29. Rxe1 Qf6 30. Qc5 Rd8 31. f3 Rxd7 32. fxg4 hxg4 33. Qxa7 Qb2
34. Qf2 Qc3 35. Re4 Qd3 36. Qe3 Qb1+ 37. Kh2 Qxa2 38. Re7+ Rxe7 39. Qxe7+ Kh6
40. Qxb7 c5 41. Qd5 Qf2 42. Qe4 Kh5 43. Qe5+ g5 44. Qg7 Qc2 45. Qf7+ Kh6 46.
Qc4 Qf5 47. Qe4 Qf7 48. Qc6+ Kh5 49. Qd5 Qf2 50. Qd3 Kh6 51. Kh1 Qe1+ 52. Bf1
Qf2 53. Be2 1-0

[Event "Tatry Open 2014"]
[Site "Tatranske Zruby SVK"]
[Date "2014.10.04"]
[Round "8.21"]
[White "Sejkora, V."]
[Black "Yao, Lan"]
[Result "1-0"]
[WhiteElo "2243"]
[BlackElo "2015"]
[PlyCount "97"]
[EventDate "2014.09.28"]

1. e4 c5 2. g3 Nc6 3. Bg2 g6 4. Ne2 Bg7 5. c3 d6 6. d4 cxd4 7. cxd4 Qb6 8. Nbc3
Nf6 9. h3 O-O 10. O-O e5 11. d5 Nd4 12. Be3 Qxb2 13. Nxd4 Qxc3 14. Nb5 Qa5 15.
Nxd6 Qb4 16. Nxc8 Rfxc8 17. Rb1 Qe7 18. Qa4 Ne8 19. Rfc1 b6 20. h4 Nd6 21. Bh3
f5 22. exf5 gxf5 23. Bg5 Qf7 24. Qb3 Qd7 25. Rc6 Kh8 26. Rbc1 h6 27. Be3 Kh7
28. Qd1 Rxc6 29. dxc6 Qc7 30. Qd5 Rf8 31. Rd1 Rf6 32. Qxe5 Qxc6 33. Bf4 Nb7 34.
Bxf5+ Kh8 35. Be4 Qc8 36. Qh5 Nc5 37. Bg2 Rf5 38. Qe2 Rf8 39. Qd2 Qe6 40. Re1
Qg6 41. Re7 Ne6 42. Be3 Rd8 43. Rd7 Rc8 44. Bh3 Rc2 45. Qd6 Nf8 46. Qxg6 Nxg6
47. Bf5 Rc6 48. Rxa7 Be5 49. Bxh6 1-0